The thirty-nine steps / (Record no. 200128612)

MARC details
000 -LEADER
fixed length control field 00695 a2200253 4500
001 - CONTROL NUMBER
control field 200128612
003 - CONTROL NUMBER IDENTIFIER
control field TR-AnTOB
005 - DATE AND TIME OF LATEST TRANSACTION
control field 20250513142303.0
008 - FIXED-LENGTH DATA ELEMENTS--GENERAL INFORMATION
fixed length control field 130210s2009 enk 000 0
020 ## - INTERNATIONAL STANDARD BOOK NUMBER
International Standard Book Number 0582416418
040 ## - CATALOGING SOURCE
Transcribing agency TR-AnTOB
041 0# - LANGUAGE CODE
Language code of text/sound track or separate title İngilizce
050 00 - LIBRARY OF CONGRESS CALL NUMBER
Classification number PE
099 ## - LOCAL FREE-TEXT CALL NUMBER (OCLC)
Classification number PE EASY PEA L3 BUC 2000
100 1# - MAIN ENTRY--PERSONAL NAME
Personal name Buchan, John
9 (RLIN) 9278
245 14 - TITLE STATEMENT
Title The thirty-nine steps /
Statement of responsibility, etc. John Buchan ; retold by Pieter Koster.
264 #1 - PRODUCTION, PUBLICATION, DISTRIBUTION, MANUFACTURE, AND COPYRIGHT NOTICE
Place of production, publication, distribution, manufacture London :
Name of producer, publisher, distributor, manufacturer Penguin,
Date of production, publication, distribution, manufacture, or copyright notice 2000.
300 ## - PHYSICAL DESCRIPTION
Extent 81 p.
Dimensions 20 cm.
650 00 - SUBJECT ADDED ENTRY--TOPICAL TERM
9 (RLIN) 5872
Topical term or geographic name entry element English language
General subdivision Study and teaching
Topical term or geographic name entry element İngiliz dili
General subdivision Çalışma ve öğretim
Source of heading or term etuturkob
9 (RLIN) 17226
700 1# - ADDED ENTRY--PERSONAL NAME
Personal name Koster, Pieter
9 (RLIN) 20046
942 ## - ADDED ENTRY ELEMENTS (KOHA)
Koha item type Book
Source of classification or shelving scheme Library of Congress Classification
Holdings
Withdrawn status Lost status Source of classification or shelving scheme Not for loan Collection code Home library Current library Shelving location Date acquired Source of acquisition Cost, normal purchase price Serial Enumeration / chronology Inventory number Total Checkouts Total Holds Full call number Barcode Date last seen Date last checked out Copy number Cost, replacement price Date shelved Koha item type
    Other/Generic Classification Scheme Ödünç Verilebilir / Available Genel Koleksiyon Merkez Kütüphane Merkez Kütüphane Genel Koleksiyon / Main Collection 10/02/2013 Bağış / Donation 0.00 1 İDE 1   PE EASY PEA L3 BUC 2000 0014183 18/11/2022 04/11/2022 1 0.01   Easy Reader
Devinim Yazılım Eğitim Danışmanlık tarafından Koha'nın orjinal sürümü uyarlanarak geliştirilip kurulmuştur.